000 00530nam a2200181Ia 4500
005 20250326125418.0
008 250326s9999 xx 000 0 und d
037 _aTextbook
040 _aFMSL
_beng
_cFMSL
041 _aeng
_2eng
084 _aX9ZB L3
_qFMSL
100 _aFranklin J L
_9739039
245 0 _aOrganization development
_cFranklin J L
260 _aUSA
_bUSA, Center for Research onnUtilization of Scientific Knowledge
_c1973
300 _a104p
942 _cTB
_hX9ZB L3
999 _c1277944
_d1277944